[Event "3rd Sat Djenovici Feb GM"]
[Site "Djenovici MNE"]
[Date "2018.02.24"]
[Round "8.3"]
[White "Srinath, Rao S.V."]
[Black "Ostojic, Nikola"]
[Result "0-1"]
[WhiteTitle "FM"]
[BlackTitle "IM"]
[WhiteElo "2278"]
[BlackElo "2449"]
[WhiteFideId "5028876"]
[BlackFideId "904287"]
[EventDate "2018.02.17"]

1. e4 g6 2. d4 Bg7 3. c3 d6 4. Bd3 e5 5. Ne2 Nf6 6. f4 Qe7 7. fxe5 dxe5 8. O-O
exd4 9. cxd4 Nxe4 10. Bxe4 Qxe4 11. Nbc3 Qc6 12. Bf4 O-O 13. Rc1 Na6 14. Qb3 Bg4
15. Be5 Bxe5 16. dxe5 Bxe2 17. Nxe2 Qb6+ 18. Qxb6 axb6 19. Nc3 Rad8 20. Ne4 Kg7
21. Rc3 Rd4 22. Ng5 Rg4 23. h4 h6 24. Nf3 Rd8 25. e6 Re4 26. exf7 Rf8 27. Rd3
Rxf7 28. Rd8 Nc5 29. Rfd1 Ree7 30. h5 gxh5 31. R8d5 Ne4 32. Rxh5 Nd6 33. Rd4 Re4
34. Rdd5 Re2 35. Rd4 Rf6 36. Rd2 Rxd2 37. Nxd2 Rf4 38. Rd5 Kf6 39. Nf3 Rc4 40.
Rd2 Kf5 41. Re2 Ne4 42. Kh2 Kf4 43. b3 Rc1 44. Ng1 Ke5 45. Nf3+ Kd5 46. Kh3 c5
47. Kg4 b5 48. Kf4 Nc3 49. Rd2+ Ke6 50. g4 Rh1 51. g5 hxg5+ 52. Nxg5+ Ke7 53.
Nf3 Ra1 54. Ke5 Rxa2 55. Rxa2 Nxa2 56. Kd5 b6 57. Kc6 b4 58. Kxb6 Kd6 59. Ne1
Nc1 60. Nc2 Kd5 61. Kb5 Nd3 62. Ne3+ Kd4 63. Nd1 Nc1 64. Ka4 Na2 65. Nb2 Kd5 66.
Kb5 Kd4 67. Ka4 Kc3 68. Nc4 Nc1 69. Na5 Nxb3 70. Nxb3 c4 71. Nc5 b3 72. Ne4+ Kd3
73. Nc5+ Kc2 74. Kb4 b2 75. Kxc4 b1=Q 76. Kd4 Qb5 77. Ne4 Qd3+ 78. Ke5 Qe3 79.
Kd5 Kb3 80. Nc5+ Kb4 81. Ne4 Qg1 82. Ke5 Kc4 83. Nd6+ Kd3 84. Nf5 Qf2 85. Nd6
Qd4+ 86. Ke6 Qc5 87. Nf5 Qa5 88. Nd6 Qc5 89. Nf5 Ke4 90. Nd6+ Kf4 91. Nf7 Qf5+
92. Ke7 Qg6 93. Nd6 Ke5 94. Nf7+ Kd5 95. Nd8 Qd6+ 96. Ke8 Qc7 97. Nf7 Ke6 98.
Ng5+ Kf5 0-1

[Event "3rd Sat Djenovici Feb GM"]
[Site "Djenovici MNE"]
[Date "2018.02.24"]
[Round "8.5"]
[White "Sukovic, Andrej"]
[Black "Bick, Gabriel"]
[Result "1/2-1/2"]
[WhiteTitle "FM"]
[WhiteElo "2262"]
[BlackElo "2403"]
[WhiteFideId "16502310"]
[BlackFideId "2084058"]
[EventDate "2018.02.17"]

1. e4 e5 2. Nf3 Nc6 3. Bb5 a6 4. Ba4 Nf6 5. O-O Be7 6. Re1 b5 7. Bb3 d6 8. c3
O-O 9. h3 Na5 10. Bc2 c5 11. d4 Nd7 12. Nbd2 exd4 13. cxd4 Nc6 14. Nf1 cxd4 15.
Nxd4 Nxd4 16. Qxd4 Ne5 17. Ne3 Bxh3 18. f4 Nc6 19. Qc3 Bd7 20. Nd5 Rc8 21. Qd3
Be6 1/2-1/2

[Event "3rd Sat Djenovici Feb GM"]
[Site "Djenovici MNE"]
[Date "2018.02.25"]
[Round "9.2"]
[White "Dizdarevic, Emir"]
[Black "Sukovic, Andrej"]
[Result "1/2-1/2"]
[WhiteTitle "GM"]
[BlackTitle "FM"]
[WhiteElo "2461"]
[BlackElo "2262"]
[WhiteFideId "14400049"]
[BlackFideId "16502310"]
[EventDate "2018.02.17"]

1. d4 Nf6 2. Nf3 g6 3. g3 Bg7 4. Bg2 O-O 5. O-O d6 6. c4 Nc6 7. Nc3 a6 8. b3 Rb8
9. Nd5 Nxd5 10. cxd5 Na7 1/2-1/2

[Event "3rd Sat Djenovici Feb GM"]
[Site "Djenovici MNE"]
[Date "2018.02.25"]
[Round "9.3"]
[White "Ostojic, Nikola"]
[Black "Tomic, Aleksandar"]
[Result "0-1"]
[WhiteTitle "IM"]
[BlackTitle "FM"]
[WhiteElo "2449"]
[BlackElo "2359"]
[WhiteFideId "904287"]
[BlackFideId "16501799"]
[EventDate "2018.02.17"]

1. Nf3 Nf6 2. c4 e6 3. g3 b6 4. Bg2 Bb7 5. O-O Be7 6. Nc3 O-O 7. d4 Ne4 8. Bd2
Nxc3 9. Bxc3 Be4 10. d5 Bf6 11. Rc1 c5 12. Ne1 exd5 13. f3 Bg6 14. Qxd5 Nc6 15.
Qd2 Re8 16. e3 Qe7 17. Bxf6 Qxf6 18. Bh3 Rad8 19. Ng2 Qe5 20. Rcd1 f5 21. Rfe1
Bf7 22. Qc2 g6 23. e4 Nd4 24. Qd3 fxe4 25. fxe4 g5 26. Bf5 Kg7 27. b3 Rf8 28.
Rf1 Bh5 29. Rde1 Rf6 30. g4 Bf7 31. Qd2 h6 32. Rf2 Rd6 33. Qe3 Nc6 34. h4 Qd4
35. e5 Qxe3 36. Rxe3 Rd1+ 37. Rf1 Rxf1+ 38. Kxf1 Be6 39. Kg1 Re8 40. hxg5 hxg5
41. Bxe6 Rxe6 42. Kh2 Rxe5 43. Rd3 Nd4 44. Ne3 Re4 45. Kg3 Kf6 46. Nd5+ Ke5 47.
Ne3 d6 48. Nd1 Ne2+ 49. Kf3 Nd4+ 50. Kg3 Re1 51. Nc3 Rg1+ 52. Kh3 Re1 53. Kg3
Ke6 54. Kf2 Rc1 55. Re3+ Kf7 56. Ne4 Rc2+ 57. Kg3 Kg6 58. Nxd6 Rxa2 59. Re8 Ra3
60. Rg8+ Kf6 61. Ne4+ Kf7 62. Rxg5 Rxb3+ 63. Kg2 a5 64. Rd5 a4 65. Rd7+ Ke6 66.
Ra7 a3 67. Ra6 Ke5 68. Nf2 Ne6 69. Ra8 Nf4+ 70. Kh2 Rf3 71. Kg1 Kd4 72. Ra4 Rg3+
73. Kf1 Rb3 74. Kg1 Kc3 0-1

[Event "3rd Sat Djenovici Feb GM"]
[Site "Djenovici MNE"]
[Date "2018.02.25"]
[Round "9.4"]
[White "Lazic, Miroljub"]
[Black "Srinath, Rao S.V."]
[Result "1-0"]
[WhiteTitle "GM"]
[BlackTitle "FM"]
[WhiteElo "2496"]
[BlackElo "2278"]
[WhiteFideId "900788"]
[BlackFideId "5028876"]
[EventDate "2018.02.17"]

1. g3 Nf6 2. Bg2 d5 3. Nf3 Bf5 4. d3 e6 5. O-O Be7 6. c4 c6 7. Qb3 Qb6 8. Qc2
Nbd7 9. b3 h6 10. Bb2 O-O 11. Nbd2 Rfe8 12. a3 a5 13. Bc3 Bg6 14. Qb2 c5 15.
cxd5 exd5 16. d4 a4 17. dxc5 Bxc5 18. b4 Bf8 19. e3 Rac8 20. Rfc1 Qe6 21. Nd4
Qd6 22. Bh3 Bd3 23. Nf5 Bxf5 24. Bxf5 Rc7 25. Bd4 Ne5 26. Rxc7 Qxc7 27. Rc1 Qb8
28. Bxe5 Rxe5 29. Bd3 Re6 30. Nf3 Rc6 31. Nd4 Rc8 32. Rxc8 Qxc8 33. Qc2 Qe8 34.
Bb5 Qe5 35. Qxa4 h5 36. Qc2 g6 37. Be2 h4 38. Bf3 Bh6 39. Kg2 b6 40. a4 Bf8 41.
a5 g5 42. a6 g4 43. Be2 h3+ 44. Kg1 Bxb4 45. a7 Qe8 46. Qc6 1-0

[Event "3rd Sat Djenovici Feb GM"]
[Site "Djenovici MNE"]
[Date "2018.02.25"]
[Round "9.5"]
[White "Strugnell, Carl"]
[Black "Ivanovic, Bozidar"]
[Result "1-0"]
[WhiteTitle "FM"]
[BlackTitle "GM"]
[WhiteElo "2330"]
[BlackElo "2420"]
[WhiteFideId "616753"]
[BlackFideId "900095"]
[EventDate "2018.02.17"]

1. e4 Nf6 2. e5 Nd5 3. d4 d6 4. Nf3 Bg4 5. Be2 e6 6. c4 Nb6 7. h3 Bh5 8. exd6
cxd6 9. Nc3 Be7 10. d5 exd5 11. Nxd5 O-O 12. Be3 N8d7 13. b3 Bg6 14. O-O Nxd5
15. Qxd5 Qc7 16. Qd2 Nc5 17. Rad1 Rad8 18. Nd4 a6 19. Bf3 Bf6 20. Nc2 Be4 21.
Bxe4 Nxe4 22. Qd3 Nc3 23. Rd2 Nxa2 24. Bd4 Bxd4 25. Qxd4 a5 26. Rfd1 Rde8 27.
Qa1 Nb4 28. Nxb4 axb4 29. Qa4 Re6 30. Qxb4 Qc5 31. Qxb7 Rfe8 32. Rd5 Qa3 33. Rf5
R8e7 34. Qf3 g6 35. Rfd5 Qb4 36. Rb5 Qa3 37. Rb8+ Kg7 38. Qc3+ f6 39. Rb5 Qa7
40. Qf3 Qc7 41. g3 h5 42. h4 Re4 43. Kg2 R4e6 44. Qa8 Re2 45. Rd3 Qd7 46. Rb8
Qe6 47. Rf3 Rd2 48. Qa5 Re2 49. Qd8 Re8 50. Qxe8 Qxe8 51. Rxe8 Rxe8 52. Re3 Rb8
53. Kf3 Kf7 54. Ke2 g5 55. Kd2 gxh4 56. gxh4 Rg8 57. Rg3 1-0